Normal view
MARC view
- Gelb, Arthur,
Entry Personal Name
001 - CONTROL NUMBER
- control field: 153910
003 - CONTROL NUMBER IDENTIFIER
- control field: DLC
005 - DATE AND TIME OF LATEST TRANSACTION
- control field: 20260424115533.0
008 - FIXED-LENGTH DATA ELEMENTS
- fixed length control field: 831024n| azannaabn |n aaa
010 ## - LIBRARY OF CONGRESS CONTROL NUMBER
- LC control number: n 83231701
040 ## - CATALOGING SOURCE
- Original cataloging agency: DLC
- Language of cataloging: eng
- Description conventions: rda
- Transcribing agency: DLC
- Modifying agency: DLC
046 ## - SPECIAL CODED DATES
- Birth date: 19240203
- Death date: 20140520
100 1# - HEADING--PERSONAL NAME
- Personal name: Gelb, Arthur,
- Dates associated with a name: 1924-2014
370 ## - ASSOCIATED PLACE
- Place of birth: East Harlem (New York, N.Y.)
- Place of death: Manhattan (New York, N.Y.)
373 ## - ASSOCIATED GROUP
- Associated group: New York Times Company
- Source of term: naf
- Start period: 1944
- End period: 1989
- Source of information: New York times (online), viewed May 21, 2014
374 ## - OCCUPATION
- Occupation: Journalists
- Occupation: Critics
- Occupation: Newspaper editors
- Source of term: lcsh
375 ## - GENDER
- Gender: male
377 ## - ASSOCIATED LANGUAGE
- Language code: eng
378 ## - FULLER FORM OF PERSONAL NAME
- Fuller form of personal name: Arthur Neal
670 ## - SOURCE DATA FOUND
- Source citation: The Sophisticated traveler, c1984:
- Information found: CIP t.p. (Arthur Gelb)
670 ## - SOURCE DATA FOUND
- Source citation: LC data base, 10-19-83
- Information found: (hdg.: Gelb, Arthur, 1924- )
670 ## - SOURCE DATA FOUND
- Source citation: New York times (online), viewed May 21, 2014
- Information found: (in obituary published May 20: Arthur Gelb; b. Arthur Neal Gelb, Feb. 3, 1924, East Harlem; d. Tuesday [May 20, 2014], Manhattan, aged 90; critic and editor who shaped the Times)



